000 00619 a2200181 4500
003 Nust
005 20170207153229.0
040 _cNust
082 _a621.382
100 _aMahroof, Muhammad (MSEE -2)
245 _aPerformance optimization of EDFA Based Bi-directionalring netword using WDM technology
_cMuhammad Mahroof
260 _aMCS (NUST)
_cApril 1998
_bRawalpindi
300 _a117, p :
505 _aIntroduction (page-1) EDFA (page-11) WDM ring networks (page-32) EDFA simulator (page-51) Results (page-64) Conclusion (page-78)
538 _aAlmirah No. 69 Shelf No. 1
650 _aMS Thesis
651 _aMSEE-2
942 _cTHS
999 _c181850
_d181850